| 000 | 01068cad a22002415a 4500 | ||
|---|---|---|---|
| 001 | E147729 | ||
| 008 | 090609s2009 stk 000 0 eng u | ||
| 035 | _a(Sirsi) u147729 | ||
| 041 | _aeng | ||
| 050 | 0 | 4 | _a333.33 $2 18 |
| 110 |
_aConsumer Focus Scotland _95748 |
||
| 245 |
_aBuying and selling a home in Scotland _h[electronic resource] |
||
| 260 |
_a[S.l.] _b[s.n.] _c2009 |
||
| 300 |
_a17p. _b21cm. |
||
| 505 | 2 | _aIntroduction -- The Home Report -- Buying a home -- Selling your home -- What you can do if things go wrong -- Further information | |
| 520 | _aOffers guidance on the home buying and selling process in Scotland. Guidance is taken from the book 'Moving Home in Scotland' by Derek Manson-Smith (see E147728). | ||
| 521 | _aIntroductory | ||
| 590 | _aKA | ||
| 651 |
_aScotland _y1999- |
||
| 690 | _aPROPERTY-RESIDENTIAL PROPERTY-RESIDENTIAL PROPERTY MARKET | ||
| 856 | 4 | 1 |
_uhttps://www.scotland.gov.uk/Topics/Built-Environment/Housing/BuyingSelling/Home-Report/HomeinScotland _zView the item free of charge at www.scotland.gov.uk |
| 942 | _n0 | ||
| 999 |
_c109708 _d109708 |
||